[Event "FRA-ch U12"]
[Site "Aix les Bains"]
[Date "2009.04.21"]
[Round "4"]
[White "Froment, Victor"]
[Black "Rodriguez, Adrien"]
[Result "0-1"]
[WhiteElo "1724"]
[BlackElo "1620"]
[PlyCount "52"]
[EventDate "2009.04.19"]
[EventType "swiss"]
[EventRounds "9"]
[EventCountry "FRA"]
[SourceTitle "CBM 130 Extra"]
[Source "ChessBase"]
[SourceDate "2009.07.02"]
[SourceVersion "2"]
[SourceVersionDate "2009.07.15"]
[SourceQuality "1"]

1. e4 c5 2. Nf3 d6 3. d4 cxd4 4. Nxd4 Nf6 5. Nc3 a6 6. Be2 e6 7. 0-0 Be7 8. Be3 0-0 9. f4 b5 10. a3 Bb7 11. Bf3 Nbd7 12. Kh1 Nb6 13. b3 Rc8 14. Qd2 Nfd7 15. g4 h6 16. Rg1 e5 17. Nf5 Bf6 18. Nxd6 exf4 19. Nxc8 fxe3 20. Qxe3 Qxc8 21. Nd5 Nxd5 22. exd5 Bxa1 23. Rxa1 Nf6 24. Qd4 Qxc2 25. b4 Rd8 26. Qb6 Rd7 0-1

[Event "Cap d'Agde op"]
[Site "Cap d'Agde"]
[Date "2006.10.27"]
[Round "1"]
[White "Schurrle, Roger"]
[Black "Froment, Victor"]
[Result "1-0"]
[WhiteElo "1770"]
[BlackElo "1420"]
[PlyCount "69"]
[EventDate "2006.10.26"]
[EventType "swiss"]
[EventRounds "9"]
[EventCountry "FRA"]
[SourceTitle "EXT 2007"]
[Source "ChessBase"]
[SourceDate "2006.11.23"]
[SourceVersion "1"]
[SourceVersionDate "2006.11.23"]
[SourceQuality "1"]

1. e4 e6 2. d4 d5 3. e5 c5 4. c3 Qb6 5. Nf3 Nc6 6. Be2 cxd4 7. cxd4 Nge7 8. Nc3 Nf5 9. Na4 Qc7 10. a3 b5 11. Bxb5 Bd7 12. 0-0 Be7 13. Kh1 0-0 14. Bf4 Rab8 15. Bd3 Ncxd4 16. Nxd4 Nxd4 17. Bxh7+ Kxh7 18. Qxd4 Kg8 19. Rac1 Qd8 20. Nc5 Bxc5 21. Rxc5 Qb6 22. b4 Qa6 23. Ra1 Rb5 24. Be3 Rfb8 25. Rxb5 Rxb5 26. Qxa7 Qxa7 27. Bxa7 Rb7 28. Bc5 Ba4 29. Rb1 Rd7 30. b5 d4 31. b6 Bc6 32. Rd1 Ba4 33. Rxd4 Rb7 34. Rxa4 Rd7 35. g3 1-0